| 000 | 00870nam a2200241 a 4500 | ||
|---|---|---|---|
| 001 | BRCA_2901 | ||
| 005 | 20190320204024.0 | ||
| 008 | 111208s1919----mx-a---###---#000-0#spa-u | ||
| 050 | 4 |
_aF1435.P6 _b.H46 1919 |
|
| 100 | 1 |
_aHenning, Paul _98074 |
|
| 245 | 1 | 0 |
_aEstudios mayas _cpor Paul Henning. |
| 260 |
_aMéxico _bMuller _c1919 |
||
| 300 |
_a2 v. _bil. _c23 cm. |
||
| 500 | _aDedicatoria del autor al Sr. Franz Mayer | ||
| 500 | _aB33 | ||
| 505 | 0 | _aContenido: v.1. El glifo Tun: su derivación y significado. -- v.2. El glifo Pax: el gran signo inicial, los glifos Ahau, Cib, Caban, Xul, Chicchan, la fecha de partida 4 Ahau 8 Cumhu (primera parte) su derivación y significado | |
| 650 | 1 | 4 |
_aCalendario maya _98075 |
| 650 | 1 | 4 |
_aEscritura pictórica maya _98076 |
| 650 | 1 | 4 |
_aMayas _98077 |
| 650 | 1 | 4 |
_aPictografía maya _98078 |
| 902 | _aGFM | ||
| 942 |
_2lcc _cB |
||
| 999 |
_c2640 _d2640 |
||